Broken bread. (Record no. 14223)

000 -LEADER
fixed length control field 00690nam a2200205 a 4500
001 - CONTROL NUMBER
control field :::00012052$&:&@@
003 - CONTROL NUMBER IDENTIFIER
control field OkBaRHE
005 - DATE AND TIME OF LATEST TRANSACTION
control field 20000607103415.0
008 - FIXED-LENGTH DATA ELEMENTS--GENERAL INFORMATION
fixed length control field j 000 0 eng u
040 ## - CATALOGING SOURCE
Transcribing agency
100 1# - MAIN ENTRY--PERSONAL NAME
Personal name Follette, John Wright.
245 10 - TITLE STATEMENT
Title Broken bread.
260 ## - PUBLICATION, DISTRIBUTION, ETC. (IMPRINT)
Place of publication, distribution, etc Milwaukee, WI., :
Name of publisher, distributor, etc Word and Witness Publishing Co.
Date of publication, distribution, etc nd
300 ## - PHYSICAL DESCRIPTION
Extent 56 p. ;
Dimensions 22 cm.
650 ## - SUBJECT ADDED ENTRY--TOPICAL TERM
Topical term or geographic name as entry element Assemblies of God
General subdivision Sermons
650 ## - SUBJECT ADDED ENTRY--TOPICAL TERM
Topical term or geographic name as entry element Sermons
General subdivision American
942 ## - ADDED ENTRY ELEMENTS (KOHA)
Source of classification or shelving scheme
Koha item type Books
Copies
Copy number Koha item type Barcode Date acquired Date last seen Full call number Shelving location Permanent Location Not for loan Price effective from Withdrawn status Damaged status Lost status Source of classification or shelving scheme
1Books120522010-04-142010-04-14BX 8769 .Z6F6General StacksRHEMA Bible Training College 2010-04-14    
2Books152932010-04-142010-04-14BX 8769 .Z6F6General StacksRHEMA Bible Training College 2010-04-14